000 00977nam a2200337 a 4500
003 AR-BaBNM
005 20251128204739.0
008 082120s2002 ||||||||||||||000 | spa||
020 _a84-375-0199-7
040 _cAR-BaBNM
100 1 _aSteiner, George
245 0 0 _aDespués de Babel
_baspectos del lenguaje y la traducción
250 _a1ª ed.
260 _aMadrid
_bFondo de Cultura Económica
_c1981
300 _a581 p.
490 0 _aLengua y estudios literarios
500 _aContiene índice de nombres: p. 561-581
504 _aBibliografía: p. 549-560
650 4 _aTRADUCCION
650 4 _aLINGÜISTICA
650 4 _aLINGÜISTICA COMPARATIVA Y DIACRONICA
650 4 _aTEORIA LINGÜISTICA
650 4 _aESTUDIOS CULTURALES
650 4 _aHERMENEUTICA
650 4 _aMORFOLOGIA [LINGUISTICA]
650 4 _aLENGUAJE
650 4 _aANTROPOLOGIA CULTURAL Y SOCIAL
700 1 _aCastañón, Adolfo
_etraductor
942 _cBK
998 _cMARTIN
999 _c8661
_d8661